000 00340nam a22001457a 4500
003 OSt
005 20160727222456.0
008 160705b xxu||||| |||| 00| 0 eng d
040 _cTEST
100 _92186
_a Pandya, M
245 _aA Hairy Tale
260 _aN.D
_b Children Books Trust
_c2003
300 _aA Hairy Tale
942 _2ddc
_cBK
999 _c1875
_d1875